000 01782nam0a2200361 4500
001 RU\NLR\BIBL_A\022492330
005 20250721170625.0
010 _a978-5-696-05483-4
_9200
021 _aRU
_bКН-П-25-000249
_9КН-П-25-0017
035 _a(NLR Aleph) 022492330
090 _a13454708
_c13454708
100 _a20250317d2024 u y0rusy50 ca
101 0 _arus
102 _aRU
105 _aa j 000yy
181 0 _ai
_bxxxe
182 0 _an
200 1 _aПроектирование инженерной подготовки в школе: среда, ценности, смыслы, технологии, результат
_eучебно-методическое пособие
_fЕ. В. Киприянова, Е. А. Селиванова
203 _aТекст
_bвизуальный
_cнепосредственный
210 _aЧелябинск
_cЮУрГУ
_d2024
215 _a53, [1] с.
_cил., цв. ил., табл.
_d21
300 _aАвт. указаны на обороте тит. с.
320 _aБиблиогр.: с. 35–36 (19 назв.)
606 1 _aШколы
_xПрофильное обучение
_jУчебно-методические пособия
_2nlr_sh1
_2nlr_sh2
_3RU\NLR\AUTH\661382109
606 1 _aШкольники
_xРазвитие технического мышления
_jУчебно-методические пособия
_2nlr_sh2
_3RU\NLR\AUTH\661555359
686 1 _aЧ421.202.5инженер.я7
686 1 _aЧ421.25я7
700 1 _aКиприянова
_bЕ. В.
_gЕлена Владимировна
701 1 _aСеливанова
_bЕ. А.
_gЕлена Анатольевна
942 _cBOOK
980 _aNB